000
00322 a2200157 4500
001
185773
020
_a
85-305-0129-2
040
_c
Magnum
100
_a
Bandeira, Pedro
240
1
0
_a
O patinho feio
_l
por
245
1
0
_a
O patinho feio
300
_a
31
362
0
_a
1997
697
_a
LITERATURA INFANTO
942
_c
BK
999
_c
185773
_d
185773